Government tackles background noise (Record no. 69235)
[ view plain ]
| 000 -LEADER | |
|---|---|
| fixed length control field | 01076cam a2200217 4500 |
| 001 - CONTROL NUMBER | |
| control field | WB3901-22 |
| 008 - FIXED-LENGTH DATA ELEMENTS--GENERAL INFORMATION | |
| fixed length control field | 020109n2002 000 0 eng u |
| 035 ## - SYSTEM CONTROL NUMBER | |
| System control number | (Sirsi) u116215 |
| 245 ## - TITLE STATEMENT | |
| Title | Government tackles background noise |
| 260 ## - PUBLICATION, DISTRIBUTION, ETC. | |
| Date of publication, distribution, etc. | 2002 |
| 490 ## - SERIES STATEMENT | |
| Series statement | DEFRA News Release |
| Volume/sequential designation | (306) 20 December 2001, (2) |
| 520 ## - SUMMARY, ETC. | |
| Summary, etc. | Government has launched a three-month consultation exercise to help develop a strategy to tackle ambient noise, which disturbs people living near airports, railways, major roads, factories and other transport and industrial sites. The consultation follows the commitment in the Rural White Paper to develop an ambient noise strategy. "Towards a National Ambient Noise Strategy" is available on DEFRA's website: http://www.defra.gov.uk/environment/consult/noiseambient/index.htm Comments should be submitted by 15 March 2002. |
| 590 ## - LOCAL NOTE (RLIN) | |
| Local note | WB |
| 650 ## - SUBJECT ADDED ENTRY--TOPICAL TERM | |
| Topical term or geographic name entry element | CONSULTATION DOCUMENT |
| 650 ## - SUBJECT ADDED ENTRY--TOPICAL TERM | |
| Topical term or geographic name entry element | NOISE |
| 650 ## - SUBJECT ADDED ENTRY--TOPICAL TERM | |
| Topical term or geographic name entry element | RURAL WHITE PAPER |
| 650 ## - SUBJECT ADDED ENTRY--TOPICAL TERM | |
| Topical term or geographic name entry element | TRANSPORT |
| 650 ## - SUBJECT ADDED ENTRY--TOPICAL TERM | |
| Topical term or geographic name entry element | INDUSTRY |
| 690 ## - LOCAL SUBJECT ADDED ENTRY--TOPICAL TERM (OCLC, RLIN) | |
| Topical term or geographic name as entry element | ENVIRONMENTAL AND LAND CONSULTANCY |
| 942 ## - ADDED ENTRY ELEMENTS (KOHA) | |
| Suppress in OPAC | 0 |
| Withdrawn status | Lost status | Source of classification or shelving scheme | Damaged status | Not for loan | Home library | Current library | Shelving location | Date acquired | Total Checkouts | Full call number | Barcode | Date last seen | Copy number | Price effective from | Koha item type |
|---|---|---|---|---|---|---|---|---|---|---|---|---|---|---|---|
| Dewey Decimal Classification | London | London | News article | 09/01/2002 | WB3901-22 | 116215-1001 | 06/08/2019 | 1 | 06/08/2019 | News article |